[Event "DEM U16w 2024"]
[Site "Willingen GER"]
[Date "2024.05.25"]
[Round "9"]
[White "Trunz, Michelle"]
[Black "Fock, Madiha"]
[Result "1/2-1/2"]
[Termination "normal"]
[Board "1"]
[WhiteElo "2049"]
[BlackElo "1780"]
[WhiteClock "01:31:30"]
[BlackClock "01:07:54"]
[PlyCount "31"]
[WhiteFideId "16227980"]
[BlackFideId "16253574"]
[EventCountry "GER"]
[EventRounds "9"]
[EventType "swiss"]
[EventDate "2024.05.18"]

1. d4 {[%clk 01:30:59]} {[%emt 20:05:28]} Nf6 {[%clk 01:30:55]} {[%emt
00:00:06]} 2. c4 {[%clk 01:31:25]} {[%emt 00:00:04]} g6 {[%clk 01:31:21]}
{[%emt 00:00:04]} 3. Nc3 {[%clk 01:31:50]} {[%emt 00:00:05]} d5 {[%clk
01:31:48]} {[%emt 00:00:02]} 4. cxd5 {[%clk 01:32:16]} {[%emt 00:00:05]} Nxd5
{[%clk 01:32:14]} {[%emt 00:00:04]} 5. e4 {[%clk 01:32:43]} {[%emt 00:00:03]}
Nxc3 {[%clk 01:32:39]} {[%emt 00:00:05]} 6. bxc3 {[%clk 01:33:12]} Bg7 {[%clk
01:33:00]} {[%emt 00:00:10]} 7. Be3 {[%clk 01:33:34]} {[%emt 00:00:07]} c5
{[%clk 01:33:24]} {[%emt 00:00:06]} 8. Qd2 {[%clk 01:33:52]} {[%emt 00:00:12]}
O-O {[%clk 01:33:16]} {[%emt 00:00:38]} 9. Rc1 {[%clk 01:34:15]} {[%emt
00:00:07]} Qc7 {[%clk 01:31:59]} {[%emt 00:01:47]} 10. Nf3 {[%clk 01:32:58]}
{[%emt 00:01:47]} Rd8 {[%clk 01:30:25]} {[%emt 00:02:05]} 11. d5 {[%clk
01:32:11]} {[%emt 00:01:17]} c4 {[%clk 01:26:40]} {[%emt 00:04:15]} 12. Bf4
{[%clk 01:30:49]} {[%emt 00:01:51]} Qc5 {[%clk 01:22:39]} {[%emt 00:04:32]} 13.
Be3 {[%clk 01:30:43]} {[%emt 00:00:36]} Qc7 {[%clk 01:20:44]} {[%emt 00:02:24]}
14. Bf4 {[%clk 01:31:08]} {[%emt 00:00:05]} Qc5 {[%clk 01:13:31]} {[%emt
00:07:44]} 15. Be3 {[%clk 01:31:30]} {[%emt 00:00:08]} Qc7 {[%clk 01:07:54]}
{[%emt 00:06:07]} 16. Bf4 1/2-1/2

[Event "DEM U16w 2024"]
[Site "Willingen GER"]
[Date "2024.05.25"]
[Round "9"]
[White "Wilmink, Anna"]
[Black "Haug, Mara"]
[Result "1/2-1/2"]
[Termination "normal"]
[Board "2"]
[WhiteElo "1903"]
[BlackElo "1871"]
[WhiteClock "00:31:23"]
[BlackClock "00:20:00"]
[PlyCount "58"]
[WhiteFideId "16273680"]
[BlackFideId "16259300"]
[EventCountry "GER"]
[EventRounds "9"]
[EventType "swiss"]
[EventDate "2024.05.18"]

1. e4 {[%clk 01:30:58]} {[%emt 00:00:01]} c5 {[%clk 01:30:54]} {[%emt
00:00:06]} 2. Nf3 {[%clk 01:31:21]} {[%emt 00:00:07]} Nc6 {[%clk 01:31:19]}
{[%emt 00:00:05]} 3. Bb5 {[%clk 01:31:48]} {[%emt 00:00:03]} g6 {[%clk
01:31:41]} {[%emt 00:00:08]} 4. Bxc6 {[%clk 01:32:14]} {[%emt 00:00:04]} dxc6
{[%clk 01:32:04]} {[%emt 00:00:07]} 5. d3 {[%clk 01:32:32]} {[%emt 00:00:12]}
Bg7 {[%clk 01:32:24]} {[%emt 00:00:10]} 6. h3 {[%clk 01:32:49]} {[%emt
00:00:13]} Nf6 {[%clk 01:32:30]} {[%emt 00:00:24]} 7. Nc3 {[%clk 01:33:10]}
{[%emt 00:00:09]} O-O {[%clk 01:32:02]} {[%emt 00:00:58]} 8. Be3 {[%clk
01:33:27]} {[%emt 00:00:13]} b6 {[%clk 01:32:29]} {[%emt 00:00:03]} 9. Qd2
{[%clk 01:33:34]} {[%emt 00:00:23]} e5 {[%clk 01:32:41]} {[%emt 00:00:19]} 10.
Bh6 {[%clk 01:33:50]} {[%emt 00:00:13]} Qe7 {[%clk 01:32:39]} {[%emt 00:00:30]}
11. Bxg7 {[%clk 01:33:24]} {[%emt 00:00:58]} Kxg7 {[%clk 01:33:01]} {[%emt
00:00:07]} 12. a4 {[%clk 01:33:25]} {[%emt 00:00:30]} a5 {[%clk 01:31:28]}
{[%emt 00:02:03]} 13. b3 {[%clk 01:33:15]} {[%emt 00:00:40]} Qd6 {[%clk
01:20:24]} {[%emt 00:11:35]} 14. O-O {[%clk 01:30:43]} {[%emt 00:03:02]} Nh5
{[%clk 01:17:26]} {[%emt 00:03:27]} 15. Ne2 {[%clk 01:29:48]} {[%emt 00:01:26]}
Kg8 {[%clk 01:12:28]} {[%emt 00:05:26]} 16. Nh2 {[%clk 01:27:29]} {[%emt
00:02:51]} Be6 {[%clk 01:01:35]} {[%emt 00:11:19]} 17. Qe3 {[%clk 01:12:27]}
{[%emt 00:15:34]} Rae8 {[%clk 00:54:07]} {[%emt 00:07:59]} 18. Qg5 {[%clk
01:03:09]} {[%emt 00:09:48]} f6 {[%clk 00:48:34]} {[%emt 00:06:02]} 19. Qc1
{[%clk 00:59:09]} {[%emt 00:04:31]} Rf7 {[%clk 00:43:13]} {[%emt 00:05:49]} 20.
Re1 {[%clk 00:50:40]} {[%emt 00:09:01]} Bc8 {[%clk 00:39:45]} {[%emt 00:03:58]}
21. Ng4 {[%clk 00:49:36]} {[%emt 00:01:34]} Bxg4 {[%clk 00:38:03]} {[%emt
00:02:12]} 22. hxg4 {[%clk 00:50:01]} {[%emt 00:00:05]} Ng7 {[%clk 00:38:10]}
{[%emt 00:00:19]} 23. g3 {[%clk 00:47:38]} {[%emt 00:02:57]} Qd7 {[%clk
00:32:03]} {[%emt 00:06:34]} 24. f3 {[%clk 00:46:30]} {[%emt 00:01:42]} Ne6
{[%clk 00:31:28]} {[%emt 00:01:03]} 25. Kg2 {[%clk 00:45:35]} {[%emt 00:01:26]}
Nd4 {[%clk 00:30:10]} {[%emt 00:01:48]} 26. Nxd4 {[%clk 00:39:48]} {[%emt
00:06:17]} Qxd4 {[%clk 00:26:15]} {[%emt 00:04:24]} 27. Qd2 {[%clk 00:37:26]}
{[%emt 00:02:53]} Rd8 {[%clk 00:25:24]} {[%emt 00:01:19]} 28. Rad1 {[%clk
00:36:15]} {[%emt 00:01:43]} Rfd7 {[%clk 00:21:13]} {[%emt 00:04:40]} 29. Re2
{[%clk 00:31:23]} {[%emt 00:05:23]} Rf7 {[%clk 00:20:00]} {[%emt 00:01:43]}
1/2-1/2

[Event "DEM U16w 2024"]
[Site "Willingen GER"]
[Date "2024.05.25"]
[Round "9"]
[White "Moldovan, Tatiana"]
[Black "Bräutigam, Katerina"]
[Result "0-1"]
[Termination "normal"]
[Board "3"]
[WhiteElo "1708"]
[BlackElo "1988"]
[WhiteClock "00:45:58"]
[BlackClock "00:02:05"]
[PlyCount "52"]
[WhiteFideId "16287398"]
[BlackFideId "16242980"]
[EventCountry "GER"]
[EventRounds "9"]
[EventType "swiss"]
[EventDate "2024.05.18"]

1. c4 {[%clk 01:30:54]} {[%emt 00:00:05]} e5 {[%clk 01:30:56]} {[%emt
00:00:04]} 2. g3 {[%clk 01:31:18]} {[%emt 00:00:06]} Nf6 {[%clk 01:31:22]}
{[%emt 00:00:04]} 3. Bg2 {[%clk 01:31:39]} {[%emt 00:00:10]} d5 {[%clk
01:31:48]} {[%emt 00:00:04]} 4. b3 {[%clk 01:31:32]} {[%emt 00:00:36]} Nc6
{[%clk 01:31:45]} {[%emt 00:00:32]} 5. Bb2 {[%clk 01:31:10]} {[%emt 00:00:53]}
Be7 {[%clk 01:29:45]} {[%emt 00:02:29]} 6. e3 {[%clk 01:31:06]} {[%emt
00:00:34]} Nb4 {[%clk 01:20:40]} {[%emt 00:09:35]} 7. Ba3 {[%clk 01:19:28]}
{[%emt 00:12:09]} Nd3+ {[%clk 01:13:40]} {[%emt 00:07:30]} 8. Kf1 {[%clk
01:19:12]} {[%emt 00:00:47]} Ng4 {[%clk 01:02:57]} {[%emt 00:11:12]} 9. Nh3
{[%clk 01:19:12]} {[%emt 00:00:30]} Bxa3 {[%clk 00:35:54]} {[%emt 00:27:33]}
10. Nxa3 {[%clk 01:13:57]} {[%emt 00:05:45]} e4 {[%clk 00:34:47]} {[%emt
00:01:36]} 11. f3 {[%clk 01:12:42]} {[%emt 00:01:45]} exf3 {[%clk 00:30:11]}
{[%emt 00:05:06]} 12. Qxf3 {[%clk 01:11:44]} {[%emt 00:01:28]} O-O {[%clk
00:15:33]} {[%emt 00:15:09]} 13. Kg1 {[%clk 01:08:30]} {[%emt 00:03:44]} dxc4
{[%clk 00:07:39]} {[%emt 00:08:24]} 14. Nxc4 {[%clk 01:05:17]} {[%emt
00:03:43]} Rb8 {[%clk 00:07:02]} {[%emt 00:01:07]} 15. Qe2 {[%clk 00:55:46]}
{[%emt 00:10:00]} b5 {[%clk 00:03:18]} {[%emt 00:04:15]} 16. Na5 {[%clk
00:55:53]} {[%emt 00:00:23]} Nge5 {[%clk 00:01:10]} {[%emt 00:02:38]} 17. Nf2
{[%clk 00:55:00]} {[%emt 00:01:22]} Nxf2 {[%clk 00:00:38]} {[%emt 00:01:02]}
18. Qxf2 {[%clk 00:55:21]} {[%emt 00:00:10]} Qd3 {[%clk 00:00:35]} {[%emt
00:00:33]} 19. Bf1 {[%clk 00:53:01]} {[%emt 00:02:49]} Qd6 {[%clk 00:00:37]}
{[%emt 00:00:29]} 20. d4 {[%clk 00:45:18]} {[%emt 00:08:13]} Qb4 {[%clk
00:00:36]} {[%emt 00:00:30]} 21. Qe1 {[%clk 00:45:29]} {[%emt 00:00:19]} Nf3+
{[%clk 00:00:56]} {[%emt 00:00:10]} 22. Kf2 {[%clk 00:45:44]} {[%emt 00:00:16]}
Nxe1 {[%clk 00:01:17]} {[%emt 00:00:09]} 23. Nc6 {[%clk 00:45:53]} {[%emt
00:00:21]} Qd2+ {[%clk 00:01:08]} {[%emt 00:00:38]} 24. Be2 {[%clk 00:46:17]}
{[%emt 00:00:07]} Nd3+ {[%clk 00:01:22]} {[%emt 00:00:15]} 25. Kf1 {[%clk
00:45:38]} {[%emt 00:01:09]} Bh3+ {[%clk 00:01:43]} {[%emt 00:00:09]} 26. Kg1
{[%clk 00:45:58]} {[%emt 00:00:10]} Qxe3# {[%clk 00:02:05]} {[%emt 00:00:08]}
0-1

[Event "DEM U16w 2024"]
[Site "Willingen GER"]
[Date "2024.05.25"]
[Round "9"]
[White "Lorenz, Veronika"]
[Black "Neumann, Helena"]
[Result "1/2-1/2"]
[Termination "normal"]
[Board "5"]
[WhiteElo "1858"]
[BlackElo "1836"]
[WhiteClock "00:03:00"]
[BlackClock "01:09:25"]
[PlyCount "90"]
[WhiteFideId "16277406"]
[BlackFideId "16275365"]
[EventCountry "GER"]
[EventRounds "9"]
[EventType "swiss"]
[EventDate "2024.05.18"]

1. e4 {[%clk 01:30:59]} {[%emt 00:00:01]} c6 {[%clk 01:30:57]} {[%emt
00:00:03]} 2. d4 {[%clk 01:31:25]} {[%emt 00:00:04]} d5 {[%clk 01:31:24]}
{[%emt 00:00:04]} 3. e5 {[%clk 01:31:53]} {[%emt 00:00:01]} Bf5 {[%clk
01:31:50]} {[%emt 00:00:04]} 4. h4 {[%clk 01:32:18]} {[%emt 00:00:06]} h5
{[%clk 01:32:16]} {[%emt 00:00:04]} 5. Bd3 {[%clk 01:32:35]} {[%emt 00:00:13]}
Bxd3 {[%clk 01:32:37]} {[%emt 00:00:08]} 6. Qxd3 {[%clk 01:33:03]} {[%emt
00:00:02]} Qa5+ {[%clk 01:32:45]} {[%emt 00:00:22]} 7. Nd2 {[%clk 01:33:24]}
{[%emt 00:00:10]} Qa6 {[%clk 01:33:09]} {[%emt 00:00:06]} 8. c4 {[%clk
01:33:49]} {[%emt 00:00:04]} e6 {[%clk 01:33:35]} {[%emt 00:00:04]} 9. Ngf3
{[%clk 01:31:37]} {[%emt 00:02:42]} Nh6 {[%clk 01:33:36]} {[%emt 00:00:29]} 10.
O-O {[%clk 01:28:35]} {[%emt 00:03:33]} Nf5 {[%clk 01:33:45]} {[%emt 00:00:20]}
11. b3 {[%clk 01:27:03]} {[%emt 00:02:02]} Be7 {[%clk 01:33:59]} {[%emt
00:00:17]} 12. g3 {[%clk 01:27:18]} {[%emt 00:00:14]} O-O {[%clk 01:33:39]}
{[%emt 00:00:50]} 13. a4 {[%clk 01:19:48]} {[%emt 00:08:00]} c5 {[%clk
01:31:42]} {[%emt 00:02:27]} 14. Qc3 {[%clk 01:10:44]} {[%emt 00:09:32]} cxd4
{[%clk 01:23:41]} {[%emt 00:08:32]} 15. Nxd4 {[%clk 01:09:54]} {[%emt
00:01:21]} Nxd4 {[%emt 00:00:21]} 16. Qxd4 {[%clk 01:10:21]} Nc6 {[%clk
01:24:16]} {[%emt 00:00:07]} 17. Qe3 {[%clk 01:05:02]} {[%emt 00:05:48]} Nxe5
{[%clk 01:18:46]} {[%emt 00:06:00]} 18. Qxe5 {[%clk 01:00:39]} {[%emt
00:04:52]} Bf6 {[%clk 01:16:33]} {[%emt 00:02:44]} 19. Qxh5 {[%clk 01:00:52]}
{[%emt 00:00:17]} Bxa1 {[%clk 01:16:24]} {[%emt 00:00:39]} 20. Ba3 {[%clk
01:01:21]} {[%emt 00:00:01]} Bf6 {[%clk 01:13:06]} {[%emt 00:03:48]} 21. Bxf8
{[%clk 01:00:04]} {[%emt 00:01:47]} Rxf8 {[%clk 01:13:30]} {[%emt 00:00:06]}
22. g4 {[%clk 00:36:05]} {[%emt 00:24:28]} g6 {[%clk 01:09:20]} {[%emt
00:04:41]} 23. Qh6 {[%clk 00:35:21]} {[%emt 00:01:14]} Bg7 {[%clk 01:09:45]}
{[%emt 00:00:04]} 24. Qg5 {[%clk 00:33:32]} {[%emt 00:02:19]} d4 {[%clk
01:04:20]} {[%emt 00:05:57]} 25. h5 {[%clk 00:32:07]} {[%emt 00:01:54]} gxh5
{[%clk 01:04:39]} {[%emt 00:00:11]} 26. Qxh5 {[%clk 00:18:01]} {[%emt
00:14:36]} e5 {[%clk 01:02:39]} {[%emt 00:02:30]} 27. Kg2 {[%clk 00:09:46]}
{[%emt 00:08:43]} Qh6 {[%clk 00:57:55]} {[%emt 00:05:15]} 28. Qxh6 {[%clk
00:09:07]} {[%emt 00:01:10]} Bxh6 {[%clk 00:58:20]} {[%emt 00:00:05]} 29. Ne4
{[%clk 00:09:28]} {[%emt 00:00:08]} f6 {[%clk 00:57:19]} {[%emt 00:01:32]} 30.
c5 {[%clk 00:06:10]} {[%emt 00:03:47]} a5 {[%clk 00:53:56]} {[%emt 00:03:54]}
31. Nd6 {[%clk 00:04:51]} {[%emt 00:01:48]} Rb8 {[%clk 00:53:48]} {[%emt
00:00:38]} 32. Nc4 {[%clk 00:04:57]} {[%emt 00:00:24]} Bf8 {[%clk 00:53:33]}
{[%emt 00:00:45]} 33. Nxa5 {[%clk 00:03:31]} {[%emt 00:01:57]} Bxc5 {[%clk
00:53:57]} {[%emt 00:00:05]} 34. Kf3 {[%clk 00:02:02]} {[%emt 00:01:59]} Bb4
{[%clk 00:51:23]} {[%emt 00:03:05]} 35. Nc4 {[%clk 00:02:12]} {[%emt 00:00:21]}
b5 {[%clk 00:51:48]} {[%emt 00:00:04]} 36. axb5 {[%clk 00:01:38]} {[%emt
00:01:04]} Rxb5 {[%clk 00:51:45]} {[%emt 00:00:33]} 37. Ke4 {[%clk 00:02:06]}
{[%emt 00:00:01]} Bc3 {[%clk 00:51:29]} {[%emt 00:00:46]} 38. Rb1 {[%clk
00:02:30]} {[%emt 00:00:07]} Rb7 {[%clk 00:50:55]} {[%emt 00:01:04]} 39. f3
{[%clk 00:00:37]} {[%emt 00:02:23]} Kg7 {[%clk 00:49:24]} {[%emt 00:02:01]} 40.
Kd3 {[%clk 00:00:32]} {[%emt 00:00:35]} Kg6 {[%clk 00:48:36]} {[%emt 00:01:18]}
41. Ke4 {[%clk 00:27:39]} {[%emt 00:03:23]} Kg5 {[%clk 01:14:04]} {[%emt
00:05:02]} 42. Nd6 {[%clk 00:19:11]} {[%emt 00:08:58]} Rd7 {[%clk 01:10:38]}
{[%emt 00:03:56]} 43. Nc4 {[%clk 00:17:19]} {[%emt 00:02:22]} Rb7 {[%clk
01:09:11]} {[%emt 00:01:57]} 44. Nd6 {[%clk 00:16:16]} {[%emt 00:01:32]} Rd7
{[%clk 01:09:33]} {[%emt 00:00:08]} 45. Nc4 {[%clk 00:03:00]} {[%emt 00:13:46]}
Rb7 {[%clk 01:09:25]} {[%emt 00:00:38]} 1/2-1/2

[Event "DEM U16w 2024"]
[Site "Willingen GER"]
[Date "2024.05.25"]
[Round "9"]
[White "Bezsonna, Polina"]
[Black "Stasaitis, Paulina"]
[Result "1-0"]
[Termination "normal"]
[Board "6"]
[WhiteElo "1788"]
[BlackElo "1692"]
[WhiteClock "00:04:14"]
[BlackClock "00:27:54"]
[PlyCount "149"]
[WhiteFideId "14191156"]
[BlackFideId "34606165"]
[EventCountry "GER"]
[EventRounds "9"]
[EventType "swiss"]
[EventDate "2024.05.18"]

1. e4 {[%clk 01:30:41]} {[%emt 00:00:19]} d5 {[%clk 01:30:52]} {[%emt
00:00:07]} 2. exd5 {[%clk 01:30:45]} {[%emt 00:00:27]} Qxd5 {[%clk 01:31:14]}
{[%emt 00:00:08]} 3. Nc3 {[%clk 01:30:54]} {[%emt 00:00:21]} Qa5 {[%clk
01:31:37]} {[%emt 00:00:07]} 4. d4 {[%clk 01:31:06]} {[%emt 00:00:18]} Nf6
{[%clk 01:31:50]} {[%emt 00:00:17]} 5. Nf3 {[%clk 01:31:17]} {[%emt 00:00:19]}
Bf5 {[%clk 01:32:08]} {[%emt 00:00:12]} 6. Bc4 {[%clk 01:31:39]} {[%emt
00:00:08]} c6 {[%clk 01:32:22]} {[%emt 00:00:15]} 7. Bd2 {[%clk 01:31:44]}
{[%emt 00:00:25]} Qc7 {[%clk 01:32:36]} {[%emt 00:00:16]} 8. h3 {[%clk
01:24:50]} {[%emt 00:07:25]} Nbd7 {[%clk 01:31:33]} {[%emt 00:01:32]} 9. Bb3
{[%clk 01:24:49]} {[%emt 00:00:32]} e6 {[%clk 01:31:47]} {[%emt 00:00:16]} 10.
Qe2 {[%clk 01:25:03]} {[%emt 00:00:16]} O-O-O {[%clk 01:28:44]} {[%emt
00:03:32]} 11. g4 {[%clk 01:22:52]} {[%emt 00:02:42]} Bg6 {[%clk 01:28:23]}
{[%emt 00:00:51]} 12. O-O-O {[%clk 01:22:53]} {[%emt 00:00:29]} Nb6 {[%clk
01:24:51]} {[%emt 00:03:59]} 13. Kb1 {[%clk 01:18:12]} {[%emt 00:05:14]} Bb4
{[%clk 01:20:38]} {[%emt 00:04:42]} 14. g5 {[%clk 01:09:53]} {[%emt 00:08:50]}
Bxc3 {[%clk 01:14:24]} {[%emt 00:06:44]} 15. gxf6 {[%clk 01:08:09]} {[%emt
00:02:13]} Bxd4 {[%clk 01:13:13]} {[%emt 00:01:41]} 16. Nxd4 {[%clk 01:07:43]}
{[%emt 00:00:56]} Rxd4 {[%clk 01:13:26]} {[%emt 00:00:17]} 17. fxg7 {[%clk
01:07:36]} {[%emt 00:00:37]} Rg8 {[%clk 01:13:44]} {[%emt 00:00:12]} 18. Bxe6+
{[%clk 01:05:44]} {[%emt 00:02:23]} Kb8 {[%clk 01:13:02]} {[%emt 00:01:11]} 19.
Bb3 {[%clk 01:04:52]} {[%emt 00:01:23]} Rxg7 {[%clk 01:05:42]} {[%emt
00:07:49]} 20. Qe8+ {[%clk 01:00:09]} {[%emt 00:05:14]} Rd8 {[%clk 01:01:34]}
{[%emt 00:04:38]} 21. Qxd8+ {[%clk 00:57:32]} {[%emt 00:03:07]} Qxd8 {[%clk
01:01:55]} {[%emt 00:00:09]} 22. Bf4+ {[%clk 00:57:57]} {[%emt 00:00:05]} Kc8
{[%clk 01:02:18]} {[%emt 00:00:06]} 23. Rxd8+ {[%clk 00:58:12]} {[%emt
00:00:15]} Kxd8 {[%clk 01:02:41]} {[%emt 00:00:08]} 24. Bg5+ {[%clk 00:48:24]}
{[%emt 00:10:18]} Kc8 {[%clk 01:00:59]} {[%emt 00:02:11]} 25. h4 {[%clk
00:48:18]} {[%emt 00:00:36]} Rg8 {[%clk 00:52:17]} {[%emt 00:09:11]} 26. Re1
{[%clk 00:45:32]} {[%emt 00:03:17]} Nd7 {[%clk 00:45:20]} {[%emt 00:07:28]} 27.
Re7 {[%clk 00:30:49]} {[%emt 00:15:13]} Nc5 {[%clk 00:38:43]} {[%emt 00:07:07]}
28. Bxf7 {[%clk 00:29:31]} {[%emt 00:01:48]} Bxf7 {[%clk 00:38:50]} {[%emt
00:00:22]} 29. Rxf7 {[%clk 00:29:53]} {[%emt 00:00:08]} Ne4 {[%clk 00:38:40]}
{[%emt 00:00:40]} 30. Rxh7 {[%clk 00:15:47]} {[%emt 00:14:36]} Nxg5 {[%clk
00:38:39]} {[%emt 00:00:31]} 31. hxg5 {[%clk 00:16:13]} {[%emt 00:00:05]} Rxg5
{[%clk 00:39:00]} {[%emt 00:00:09]} 32. Rh1 {[%clk 00:16:34]} {[%emt 00:00:08]}
Rf5 {[%clk 00:39:12]} {[%emt 00:00:19]} 33. Rf1 {[%clk 00:17:02]} {[%emt
00:00:01]} Kd7 {[%clk 00:39:16]} {[%emt 00:00:26]} 34. Kc1 {[%clk 00:17:25]}
{[%emt 00:00:08]} Ke6 {[%clk 00:39:27]} {[%emt 00:00:18]} 35. Kd2 {[%clk
00:17:47]} {[%emt 00:00:08]} Rd5+ {[%clk 00:36:35]} {[%emt 00:03:22]} 36. Ke3
{[%clk 00:17:41]} {[%emt 00:00:36]} Kf5 {[%clk 00:36:11]} {[%emt 00:00:54]} 37.
Rh1 {[%clk 00:17:00]} {[%emt 00:01:11]} Re5+ {[%clk 00:35:57]} {[%emt
00:00:45]} 38. Kf3 {[%clk 00:17:14]} {[%emt 00:00:16]} Kg6 {[%clk 00:34:59]}
{[%emt 00:01:27]} 39. Rg1+ {[%clk 00:16:56]} {[%emt 00:00:49]} Kf6 {[%clk
00:35:11]} {[%emt 00:00:17]} 40. Rg8 {[%clk 00:16:53]} {[%emt 00:00:33]} Rb5
{[%clk 00:34:29]} {[%emt 00:01:11]} 41. b3 {[%clk 00:16:57]} {[%emt 00:00:28]}
Ra5 {[%clk 00:34:38]} {[%emt 00:00:18]} 42. a4 {[%clk 00:16:59]} {[%emt
00:00:30]} Rd5 {[%clk 00:34:05]} {[%emt 00:01:02]} 43. Rg4 {[%clk 00:14:59]}
{[%emt 00:02:30]} b5 {[%clk 00:32:04]} {[%emt 00:02:31]} 44. Rf4+ {[%clk
00:07:53]} {[%emt 00:07:37]} Kg6 {[%clk 00:31:57]} {[%emt 00:00:37]} 45. Ke3
{[%clk 00:06:13]} {[%emt 00:02:10]} Re5+ {[%clk 00:27:13]} {[%emt 00:05:14]}
46. Re4 {[%clk 00:06:07]} {[%emt 00:00:36]} Rc5 {[%clk 00:27:22]} {[%emt
00:00:21]} 47. Kd3 {[%clk 00:03:16]} {[%emt 00:03:21]} Kf6 {[%clk 00:26:19]}
{[%emt 00:01:33]} 48. c3 {[%clk 00:25:54]} {[%emt 00:07:52]} Kf5 {[%clk
00:45:35]} {[%emt 00:11:14]} 49. f3 {[%clk 00:23:51]} {[%emt 00:02:34]} a6
{[%clk 00:41:24]} {[%emt 00:04:40]} 50. a5 {[%clk 00:19:36]} {[%emt 00:04:46]}
Kf6 {[%clk 00:39:43]} {[%emt 00:02:10]} 51. Rh4 {[%clk 00:14:39]} {[%emt
00:05:28]} Kg5 {[%clk 00:36:05]} {[%emt 00:04:07]} 52. Rh7 {[%clk 00:09:44]}
{[%emt 00:05:26]} Rd5+ {[%clk 00:35:45]} {[%emt 00:00:50]} 53. Kc2 {[%clk
00:09:45]} {[%emt 00:00:29]} c5 {[%clk 00:35:09]} {[%emt 00:01:05]} 54. Rb7
{[%clk 00:09:26]} {[%emt 00:00:50]} Rd8 {[%clk 00:35:20]} {[%emt 00:00:19]} 55.
Rb6 {[%clk 00:09:14]} {[%emt 00:00:42]} Ra8 {[%clk 00:35:41]} {[%emt 00:00:08]}
56. Rc6 {[%clk 00:09:34]} {[%emt 00:00:10]} Kf4 {[%clk 00:35:38]} {[%emt
00:00:32]} 57. Rxc5 {[%clk 00:09:14]} {[%emt 00:00:51]} Kxf3 {[%clk 00:35:51]}
{[%emt 00:00:17]} 58. Re5 {[%clk 00:08:16]} {[%emt 00:01:28]} Kf4 {[%clk
00:35:36]} {[%emt 00:00:44]} 59. Re7 {[%clk 00:08:20]} {[%emt 00:00:27]} Kf5
{[%clk 00:35:20]} {[%emt 00:00:46]} 60. Kb2 {[%clk 00:05:19]} {[%emt 00:03:31]}
Kf6 {[%clk 00:33:41]} {[%emt 00:02:09]} 61. Re3 {[%clk 00:05:30]} {[%emt
00:00:19]} Rd8 {[%clk 00:33:17]} {[%emt 00:00:54]} 62. Ka3 {[%clk 00:05:31]}
{[%emt 00:00:29]} Rc8 {[%clk 00:32:59]} {[%emt 00:00:47]} 63. Kb4 {[%clk
00:05:52]} {[%emt 00:00:11]} Kf7 {[%clk 00:31:14]} {[%emt 00:02:14]} 64. Re5
{[%clk 00:05:44]} {[%emt 00:00:39]} Rc6 {[%clk 00:30:08]} {[%emt 00:01:35]} 65.
Rc5 {[%clk 00:02:56]} {[%emt 00:03:18]} Rd6 {[%clk 00:29:37]} {[%emt 00:01:01]}
66. Rc7+ {[%clk 00:02:33]} {[%emt 00:00:53]} Ke8 {[%clk 00:28:23]} {[%emt
00:01:44]} 67. Kc5 {[%clk 00:02:48]} {[%emt 00:00:15]} Rd8 {[%clk 00:27:35]}
{[%emt 00:01:17]} 68. Kb6 {[%clk 00:02:56]} {[%emt 00:00:23]} Ra8 {[%clk
00:27:58]} {[%emt 00:00:07]} 69. Kb7 {[%clk 00:02:27]} {[%emt 00:00:59]} Rd8
{[%clk 00:26:46]} {[%emt 00:01:42]} 70. Rc8 {[%clk 00:02:26]} {[%emt 00:00:31]}
Rxc8 {[%clk 00:26:45]} {[%emt 00:00:31]} 71. Kxc8 {[%clk 00:02:54]} {[%emt
00:00:02]} Ke7 {[%clk 00:27:04]} {[%emt 00:00:11]} 72. Kb7 {[%clk 00:03:09]}
{[%emt 00:00:16]} Kd6 {[%clk 00:27:22]} {[%emt 00:00:11]} 73. Kxa6 {[%clk
00:03:29]} {[%emt 00:00:11]} Kc6 {[%clk 00:27:37]} {[%emt 00:00:14]} 74. b4
{[%clk 00:03:48]} {[%emt 00:00:11]} Kc7 {[%clk 00:27:54]} {[%emt 00:00:13]} 75.
Kxb5 {[%clk 00:04:14]} {[%emt 00:00:04]} 1-0